000 00442ntaaa2200181 4500
003 01
005 20251027201650.0
008 0714s1973 ag 01
040 _aAR-BaBN
_bspa
_cAR-BaBN
_eaacr
_dRIC
082 _a232.9000 G312
100 _aGeile, Cunningham
_915339
245 _aThe life and words of Christ
250 _a1 ed.
260 _aLondon :
_bHodder and Stoughton,
_c1873
300 _a2 v
650 _aJesucristo
942 _cBK
999 _c11365
_d11365